| 000 | 00624nam a2200193Ia 4500 | ||
|---|---|---|---|
| 003 | GCL | ||
| 008 | 140319s9999 xx 000 0 ara d | ||
| 040 |
_aGCL / _cGCL |
||
| 082 | 0 | 4 |
_aق _b338.644 _bج م |
| 100 | 1 | _aجمال الشرقاوى | |
| 245 | 1 | 0 |
_aمجمع الالمونيوم : _bمصنع مصرى لعصر الفضاء / _cجمال الشرقاوى |
| 260 |
_aالقاهرة : _bمؤسسة روزاليوسف |
||
| 300 |
_a62 ص ؛ _c19 سم |
||
| 650 | 0 | 4 | _aمصر |
| 650 | 0 | 4 | _aالتنمية الصناعية |
| 650 | 0 | 4 | _aنجع حمادى |
| 650 | 0 | 4 | _aمجمع الالمونيوم |
| 942 |
_2ddc _cBK |
||
| 999 |
_c39383 _d39383 |
||